| 000 | 01360nam a22002777a 4500 | ||
|---|---|---|---|
| 001 | BRCA_9399 | ||
| 003 | FranzMayer | ||
| 005 | 20230918125118.0 | ||
| 008 | 230904b |||||||| |||| 00| 0 eng d | ||
| 020 | _a8870384225 | ||
| 040 |
_aMFM _bESPAÑOL _cMFM |
||
| 050 | 0 |
_aN2815 _bC46 2005 |
|
| 110 | 1 |
_4Responsable _aCentro Di _929531 |
|
| 240 |
_aLas colecciones del Palacio Barberini en Roma, del Renacimiento al siglo XIX. Vidrios mayólicas, cofrecitos, trajes. _hLe collezioni di Palazzo Barberini in Roma dal Rinascimento al secolo XIX. Vetri, Mailiche, cofanetti, costumi _lEspañol/Italiano |
||
| 245 | 0 |
_aLas colecciones del Palacio Barberini en Roma, del Renacimiento al siglo XIX. Vidrios mayólicas, cofrecitos, trajes. _bLe collezioni di Palazzo Barberini in Roma dal Rinascimento al secolo XIX. Vetri, Mailiche, cofanetti, costumi |
|
| 260 |
_aMonterrey, México _bCentro Di _c2005 |
||
| 300 |
_a141 p _bIlustraciones a color _c29 cm |
||
| 500 | _aAnexo 1 | ||
| 505 | _aTexto en: español e italianoDirigido a: artistas, historiadores de arte | ||
| 650 | 1 |
_2Artes visuales _aMuseos, galerías _vExposiciones _929532 |
|
| 651 | 2 |
_2Italia _aRoma _vPalacio Barberini _929533 |
|
| 700 | 1 |
_4Fot. _aSchiavinotto, Giuseppe _929534 |
|
| 700 | 1 |
_4Trad. _aLópez Villafranco Cristina _929535 |
|
| 700 | 1 |
_4Trad. _aZagato, Dianora _929536 |
|
| 942 |
_2lcc _cB |
||
| 999 |
_c11021 _d11021 |
||